000 00320 a2200097 4500
245 0 0 _aLampy analizujące - Metoda pomiaru stosunku sygnał/szum PN-89/T-04840/10 /
_cMPrzemysłu (O).
246 1 3 _aPN-89/T-04840/10
246 1 3 _a621.385.832.522
260 _aWarszawa :
_bMPrzemysłu (O),
_c1989.
300 _a5 stron ;
_c30 cm.
650 _aPolska norma
999 _c20693
_d20693